Central Library OPAC University of Rajshahi

Use and abuse of history / (Record no. 23438)

MARC details
000 -LEADER
fixed length control field 00621nam a2200217 a 4500
001 - CONTROL NUMBER
control field 23438
003 - CONTROL NUMBER IDENTIFIER
rucl marc code BD-RjUL
005 - DATE AND TIME OF LATEST TRANSACTION
control field 20211209000929.0
008 - FIXED-LENGTH DATA ELEMENTS--GENERAL INFORMATION
fixed length control field 140310r19571955nyu 001 0 eng d
035 ## - SYSTEM CONTROL NUMBER
System control number (BD-RjUL)23503
040 ## - CATALOGING SOURCE
Original cataloging agency ANL
Language of cataloging eng
Transcribing agency ANL
Modifying agency BD-RjUL
041 ## - LANGUAGE CODE
Language code of text/sound track or separate title eng
082 04 - DEWEY DECIMAL CLASSIFICATION NUMBER
Classification number 901
Edition number 19
Author mark and year GEU 1957
100 1# - MAIN ENTRY--PERSONAL NAME
Personal name Geyl, Pieter,
Dates associated with a name 1887-1966.
9 (RLIN) 72194
245 10 - TITLE STATEMENT
Title Use and abuse of history /
Statement of responsibility, etc. by Peter Geyl.
260 ## - PUBLICATION, DISTRIBUTION, ETC. (IMPRINT)
Place of publication, distribution, etc. New Haven, Conn. :
Name of publisher, distributor, etc. Yale Univ. Press,
Date of publication, distribution, etc. 1955 [reprinted 1957].
300 ## - PHYSICAL DESCRIPTION
Pagination vi, 97 p. ;
Size 21 cm.
504 ## - BIBLIOGRAPHY, ETC. NOTE
Bibliography, etc Includes index.
650 #0 - SUBJECT ADDED ENTRY--TOPICAL TERM
Topical term or geographic name as entry element History
General subdivision Philosophy.
9 (RLIN) 72195
942 ## - ADDED ENTRY ELEMENTS (KOHA)
Source of classification or shelving scheme Dewey Decimal Classification
Koha item type Books
Holdings
Lost status Source of classification or shelving scheme Damaged status Not for loan Collection code Permanent Location Current Location Shelving location Date acquired Source of acquisition Cost, normal purchase price Total Checkouts Full call number Date last seen Copy number Koha item type
  Dewey Decimal Classification     Non-fiction Central Library, University of Rajshahi Central Library, University of Rajshahi   26/10/1962 Zeitlinger. 21.00   901 GEU 1957 10/03/2014 C-2 Books
  Dewey Decimal Classification     Non-fiction Central Library, University of Rajshahi Central Library, University of Rajshahi   13/03/1963 Zeitlinger. 21.00   901 GEU 1957 10/03/2014 C-3 Books
  Dewey Decimal Classification   Added to bundle Non-fiction Central Library, University of Rajshahi Central Library, University of Rajshahi Reading Room 03/09/1957 B.H.Black well 1.00   901 GEU 1957 01/04/2014 C-1 Books